000 00331nam a2200145 4500
005 20260311161007.0
008 CU66
020 _a0852974426
050 _aHG 1621 COY
245 _aINTEREST RATE OPTIONS
260 _aLONDON
_bFINANACIAL WORLD PUB.
_c2001
300 _a153p.,INDEX
500 _a GLOSSARY,INDEX
942 _2lcc
_cBK
_n0
999 _c8935
_d8935